Building control into the millennium 2000 ; Local Authority Building Control National Directory of Development Serivces (Record no. 100700)

MARC details
000 -LEADER
fixed length control field 00667cam a2200205 4500
001 - CONTROL NUMBER
control field J107541
008 - FIXED-LENGTH DATA ELEMENTS--GENERAL INFORMATION
fixed length control field 000000n2000 000 0 eng u
035 ## - SYSTEM CONTROL NUMBER
System control number (Sirsi) u107541
050 ## - LIBRARY OF CONGRESS CALL NUMBER
Classification number 692.2
110 ## - MAIN ENTRY--CORPORATE NAME
Corporate name or jurisdiction name as entry element Local Authority Building Control
9 (RLIN) 3913
245 ## - TITLE STATEMENT
Title Building control into the millennium 2000 ; Local Authority Building Control National Directory of Development Serivces
260 ## - PUBLICATION, DISTRIBUTION, ETC.
Place of publication, distribution, etc. Windsor
Name of publisher, distributor, etc. Building Control Services
Date of publication, distribution, etc. 2000
300 ## - PHYSICAL DESCRIPTION
Extent 248p. ; 30cm.
650 ## - SUBJECT ADDED ENTRY--TOPICAL TERM
Topical term or geographic name entry element BUILDING CONTROL
9 (RLIN) 6222
650 ## - SUBJECT ADDED ENTRY--TOPICAL TERM
Topical term or geographic name entry element DIRECTORIES
650 ## - SUBJECT ADDED ENTRY--TOPICAL TERM
Topical term or geographic name entry element BUILDING REGULATIONS
9 (RLIN) 6224
650 ## - SUBJECT ADDED ENTRY--TOPICAL TERM
Topical term or geographic name entry element REGIONS
690 ## - LOCAL SUBJECT ADDED ENTRY--TOPICAL TERM (OCLC, RLIN)
Topical term or geographic name as entry element BUILT ENVIRONMENT-BUILDING STANDARDS
942 ## - ADDED ENTRY ELEMENTS (KOHA)
Suppress in OPAC 0
Holdings
Withdrawn status Lost status Source of classification or shelving scheme Damaged status Not for loan Home library Current library Shelving location Date acquired Total Checkouts Full call number Barcode Date last seen Copy number Price effective from Koha item type
    Dewey Decimal Classification     London London Enquiry desk 04/08/2000   ENQUIRY DESK 30062034 06/08/2019 1 06/08/2019 Reference material